LEADER 01347nam--2200397---450- 001 990005990650203316 005 20141215093407.0 010 $a978-2-7283-0985-6 035 $a000599065 035 $aUSA01000599065 035 $a(ALEPH)000599065USA01 035 $a000599065 100 $a20131022d2014----km-y0itay50------ba 101 0 $afre 102 $aIT 105 $aa---||||001yy 200 1 $aBruno en Calabre$ehistoire d'une fondation monastique dans l'Italie normande$eS. Maria de Turri e S. Stefano del Bosco$fAnnick Peters-Custot 210 $aRoma$cÉcole française de Rome$d1997 215 $a430 p.$cill.$d24 cm 225 2 $aCollection del l'École française de Rome$v472 410 0$12001$aCollection del l'École française de Rome$v472 600 1$aBruno : di Colonia $2BNCF 676 $a200 700 1$aPETERS-CUSTOT,$bAnnick$0473705 801 0$aIT$bsalbc$gISBD 912 $a990005990650203316 951 $aII.2. 6170$b247961 L.M.$cII.2.$d365042 959 $aBK 969 $aUMA 979 $aPASSARO$b90$c20141215$lUSA01$h0914 979 $aPASSARO$b90$c20141215$lUSA01$h0916 979 $aPASSARO$b90$c20141215$lUSA01$h0934 979 $aPASSARO$b90$c20150218$lUSA01$h1402 979 $aPASSARO$b90$c20150218$lUSA01$h1405 996 $aBruno en Calabre$91078208 997 $aUNISA LEADER 01045cam--2200337---450 001 990002817590203316 005 20210211151608.0 035 $a000281759 035 $aUSA01000281759 035 $a(ALEPH)000281759USA01 035 $a000281759 100 $a20060922d1984----km-y0itay50------ba 101 0 $aita 102 $aIT 105 $a||||||||001yy 200 1 $aCaterina Franceschi Ferrucci e le lezioni di letteratura italiana$fAnna Santoro 210 1 $aErcolano $c La buona stampa$d1984 215 $a52 p.$d24 cm 300 $aEstratto da: Esperienze letterarie, 9 (1984), n. 3 600 1$aFranceschi Ferrucci,$bCaterina$2BNCF 676 $a305.42092 700 1$aSANTORO,$bAnna$0143080 801 0$aIT$bsalbc$gISBD 912 $a990002817590203316 951 $a305.42092 SAN$b7939 DLAS 959 $aBK 969 $aDLAS 979 $aDLAS$b10$c20060922$lUSA01$h1253 979 $aDLAS$b10$c20060922$lUSA01$h1255 996 $aCaterina Franceschi Ferrucci e le lezioni di letteratura italiana$9994601 997 $aUNISA